| 000 | 00000nam##2200000za#4500 |
| 001 | 9.593054 |
| 003 | CaOODSP |
| 005 | 20210624201619 |
| 007 | cr ||||||||||| |
| 008 | 150406|2006||||xxc|||||o f|0| 0 fre|d |
| 020 | |a0-662-71449-0 |
| 040 | |aCaOODSP|bfre |
| 043 | |an-cn--- |
| 086 | 1 |aEn13-2/7-2006F-PDF |
| 110 | 1 |aCanada.|bEnvironnement Canada. |bInstitut national de la recherche sur les eaux. |
| 245 | 13|aLe dépistage des sources de pollution microbienne dans les écosystèmes aquatiques : |h[ressource électronique]|bétat de la science et évaluation des besoins |
| 246 | 3 |aRapport de la Série d'atelier sur les sciences de l'eau et les politiques |
| 260 | |bEnvironnement Canada. |c2006. |
| 300 | |a32p.|bréférences, photographies |
| 490 | 1 |aSérie de rapports d'évaluation scientifique de l'INRE|vN° 7 |
| 520 | 3 |aLa pollution fécale des écosystèmes aquatiques étant un grave problème dans de nombreuses régions du Canada, on a de plus en plus besoin d’une approche scientifique pour déterminer ses sources. Le dépistage des sources de pollution microbienne (DSPM) est un domaine naissant aux possibilités intéressantes pour la détermination des sources de pollution fécale. Dans le cadre de l’atelier sur le DSPM qui a eu lieu à Toronto les 7 et 8 mars 2005, on a examiné l’état de la science du DSPM et l’état de préparation en vue de l’application étendue du DSPM dans tout le Canada. Le rapport de l’atelier aborde : l’état de la science; les activités de DSPM en vigueur au Canada, aux États-Unis et ailleurs; l’évaluation des besoins en dépistage des sources de pollution fécale ainsi que les moteurs politiques au Canada. |
| 590 | |a08-10|b2008-03-07 |
| 691 | 07|aÉcosystème aquatique|2gcpds |
| 775 | 08|tMicrobial source tracking in aquatic ecosystems : |w(CaOODSP)9.560375 |
| 776 | 0#|tMicrobial source tracking in aquatic ecosystems : |w(CaOODSP)9.545972 |
| 776 | 0#|tLe dépistage des sources de pollution microbienne dans les écosystèmes aquatiques : |w(CaOODSP)9.545973 |
| 830 | #0|aSérie de rapports d'évaluation scientifique de l'INRE ;|vN° 7|w(CaOODSP)9.501442 |
| 856 | 40|ahttp://publications.gc.ca|qPDF|s450 KB|uhttps://publications.gc.ca/collections/collection_2008/ec/En13-2-7-2006F.pdf|yN° 7 |